000 00339nam a2200121Ia 4500
008 231129s9999||||xx |||||||||||||| ||spa||
040 _bspa
082 _a(EN PROCESO DE DESCARTE) 342.066861 M178c
100 _aMadrid-Malo G. Mario
245 0 _aCodigo contencioso administrativo
264 _aBogotá (Colombia): Legis
942 _2ddc
_cBKS
999 _c7125
_d7125